000 00526nam a2200205Ia 4500
003 GCL
008 140319s9999 xx 000 0 eng d
040 _aGCL /
_cGCL
082 0 4 _a943
_bS B
100 1 _aSATZ UND DRUCK
245 1 0 _aBAD FREIENWALDER HEIMAT KALENDER /
_cSATZ UND DRUCK
260 _a[S.N] :
_bSATZ UND DRUCK
300 _a100 P
650 0 4 _aGERMAN POETRY
650 0 4 _aARCHAEOLOGY
650 0 4 _aGERMANY - HISTORY
650 0 4 _aBAD FREINWALD - HISTORY
650 0 4 _aFLOOD - GERMAN
942 _2ddc
_cBK
999 _c15292
_d15292